000 00526nam a2200181 i 4500
001 121624
003 ES-MaACL
005 20230906191804.0
007 t|
008 070214s1968 sp r ||||1| spa d
100 1 _aPortabella Durán, Pedro.
_993184
245 1 3 _aLa personalidad
_b: arte de afirmarla y ejercerla /
_cPedro Portabella Durán.
250 _a1ª. ed.
260 _aBarcelona :
_bBruguera,
_c1968.
300 _a348 p. ;
_c22 cm.
650 0 4 _aPersonalidad.
_915971
852 _aES-MaACL
_jC-46974
_bR.67848
999 _c121624
_d121624